[Event "Ljubljana op"]
[Site "Ljubljana"]
[Date "1993.??.??"]
[Round "?"]
[White "Susnik, Matej"]
[Black "Podvrsnik, Marko"]
[Result "1-0"]
[WhiteElo "2175"]
[BlackElo "2215"]

1.e4 g6 2.d4 Bg7 3.Nc3 d6 4.f4 c6 5.Nf3 Nd7 6.Be2 e5 7.Be3 Nh6 8.h3 f6 9.Qd2 Nf7
10.O-O-O b5 11.dxe5 dxe5 12.fxe5 Ndxe5 13.Qxd8+ Nxd8 14.Nxe5 fxe5 15.Rhf1 Bd7
16.Bg4 Bxg4 17.hxg4 Ne6 18.Rd6 Nd8 19.Rfd1 O-O 20.Rd7 Ne6 21.Ne2 c5 22.c3 Rfc8
23.Kb1 a6 24.Re7 Rc6 25.Ng1 Bf6 26.Rb7 Rd8 27.Rxd8+ Bxd8 28.Rb8 Kf7 29.Nf3 Bc7
30.Rc8  1-0

[Event "London Lloyds"]
[Site "London"]
[Date "1993.??.??"]
[Round "1"]
[White "Ferguson, Mark"]
[Black "Watson, William N"]
[Result "0-1"]
[WhiteElo "2195"]
[BlackElo "2550"]

1.e4 g6 2.d4 Bg7 3.Nc3 d6 4.Nf3 Nf6 5.Be2 c5 6.d5 O-O 7.O-O Na6 8.Nd2 Nc7
9.a4 a6 10.a5 Nb5 11.Nxb5 axb5 12.Bxb5 Rxa5 13.Rxa5 Qxa5 14.Qe2 Bd7 15.Bxd7 Nxd7
16.c4 Ra8 17.Re1 Qa2 18.b3 Qc2 19.Qd1 Qxd1 20.Rxd1 Ra1 21.Rf1 Bh6 22.Nb1 Rxb1
23.Bxh6 Rxb3 24.Ra1 f5 25.h3 Kf7 26.Ra8 fxe4 27.Rd8 g5 28.Bxg5 Nf6 29.Bxf6 Kxf6
30.Rf8+ Ke5 31.Re8 Kd4 32.Rxe7 b5 33.cxb5 c4 34.Rxh7 c3 35.Rc7 Rxb5  0-1

[Event "London Lloyds"]
[Site "London"]
[Date "1993.??.??"]
[Round "2"]
[White "Hastings, Jonathan"]
[Black "Koshy, Varugeese"]
[Result "1/2-1/2"]
[WhiteElo "2210"]
[BlackElo "2415"]

1.e4 g6 2.d4 Bg7 3.Nc3 d6 4.Be3 a6 5.Qd2 Nd7 6.O-O-O b5 7.h4 Bb7 8.f3 h5
9.Nh3 Rc8 10.Ng5 c5 11.f4 Nh6 12.f5 gxf5 13.exf5 Ng4 14.Bg1 Qc7 15.dxc5 Nxc5
16.Bd4 Ne5 17.Kb1 b4 18.Bxe5 Bxe5 19.Nd5 Bxd5 20.Qxd5 e6 21.fxe6 Nxe6 22.Bd3 Nf4
23.Qf3 f6 24.Nh3 Nxd3 25.Qxd3 Qc4 26.Nf2 Qxd3 27.Nxd3  1/2-1/2

[Event "London Lloyds"]
[Site "London"]
[Date "1993.??.??"]
[Round "2"]
[White "Kwiatkowski, Feliks J"]
[Black "Tkachiev, Vladislav"]
[Result "1/2-1/2"]
[WhiteElo "2250"]
[BlackElo "2455"]

1.e4 g6 2.d4 Bg7 3.Nc3 d6 4.Nf3 Nf6 5.Be2 O-O 6.O-O c6 7.a4 Nbd7 8.Re1 e5
9.h3 exd4 10.Nxd4 Re8 11.Bf1 Nc5 12.f3 Nh5 13.Nde2 Be5 14.f4 Bh8 15.g4 Nf6
16.Ng3 Qc7 17.Bg2 b6 18.Be3 Bb7 19.Qd2 Rad8 20.Rad1 d5 21.e5 Nfd7 22.Qf2 a5
23.g5 Bg7 24.h4 Bc8 25.Bf3 Ne6 26.h5 d4 27.Rxd4 Nxe5 28.fxe5 Nxd4 29.Bxd4 c5
30.Be3 Bxe5  1/2-1/2

[Event "London Lloyds"]
[Site "London"]
[Date "1993.??.??"]
[Round "3"]
[White "Webb, Roger"]
[Black "Conquest, Stuart"]
[Result "0-1"]
[WhiteElo "2370"]
[BlackElo "2485"]

1.e4 g6 2.d4 d6 3.Nc3 Bg7 4.Nf3 a6 5.Be2 b5 6.O-O Bb7 7.Bg5 Nd7 8.a4 b4 9.Nd5 h6
10.Be3 Bxd5 11.exd5 Ngf6 12.Bc4 Nb6 13.Qd3 Qc8 14.Qb3 Nxc4 15.Qxc4 Qb7 16.Qc6+ Qxc6
17.dxc6 a5 18.Bd2 Ra6 19.c3 bxc3 20.Bxc3 O-O 21.b4 Rxc6 22.Bd2 axb4 23.Bxb4 Nd5
24.Bd2 Ra6 25.a5 c5 26.Ra4 Nb6 27.Raa1 Nc4 28.Bc3 Rfa8 29.Rfc1 cxd4 30.Bxd4 Rxa5
31.Rxa5 Rxa5  0-1

[Event "London Lloyds"]
[Site "London"]
[Date "1993.??.??"]
[Round "7"]
[White "Duncan, Christopher R"]
[Black "Gavriel, Tryfon"]
[Result "0-1"]
[WhiteElo "2280"]
[BlackElo "2190"]

1.e4 g6 2.d4 Bg7 3.Nc3 d6 4.Be3 Nc6 5.Nf3 e5 6.h3 exd4 7.Nxd4 Nf6 8.Qd2 O-O
9.Bd3 d5 10.Nxc6 bxc6 11.O-O-O d4 12.Bc4 c5 13.Bg5 Qe8 14.Bxf6 Bxf6 15.Nd5 Bd8
16.Qf4 Be6 17.Bb3 f6 18.Rhe1 Qf7 19.Qg3 a5 20.f4 Kh8 21.Qf3 a4 22.f5 axb3
23.fxe6 bxa2 24.exf7 a1=Q+ 25.Kd2 Qa5+ 26.Ke2 Rxf7 27.e5 Ra6 28.Kf2 Re6 29.Kg1 c6
30.b4 cxb4 31.exf6 Rxe1+ 32.Rxe1 Rf8 33.Ne7 b3 34.Rf1 bxc2 35.Qf4 Bxe7 36.fxe7 Rxf4
37.e8=Q+ Kg7 38.Qxc6 Rxf1+ 39.Kxf1 Qa1+ 40.Kf2 c1=Q  0-1

[Event "London Lloyds"]
[Site "London"]
[Date "1993.??.??"]
[Round "8"]
[White "Ferron Garcia, Carlos"]
[Black "Krasenkow, Michal"]
[Result "0-1"]
[WhiteElo "2345"]
[BlackElo "2595"]

1.e4 g6 2.d4 Bg7 3.Nc3 d6 4.Be3 c6 5.Qd2 b5 6.Nge2 Nf6 7.f3 Nbd7 8.Ng3 a6
9.Bh6 Bxh6 10.Qxh6 e5 11.dxe5 dxe5 12.Be2 Qe7 13.O-O Nc5 14.Rf2 Ne6 15.Qe3 Qa7
16.Qxa7 Rxa7 17.Bf1 Rd7 18.Rd1 Ke7 19.Rxd7+ Nxd7 20.Rd2 Nb6 21.Kf2 Nc5 22.Be2 Be6
23.b3 a5 24.Nf1 f5 25.exf5 gxf5 26.Nd1 a4 27.Nb2 e4 28.Ng3 Nd5 29.Rd4 Nc3
30.fxe4 fxe4 31.Ke3 a3 32.Nd1 Nxa2 33.Nxe4 Nb4 34.Rxb4 a2 35.Nxc5 Bf5 36.Kf4 Rf8
37.Ne3 Bg6+ 38.Kg3 a1=Q 39.Nd3 Bxd3 40.Bxd3 Qe1+ 41.Kg4 Qxb4+  0-1

[Event "POL-chT"]
[Site "Lubniewice"]
[Date "1993.??.??"]
[Round "?"]
[White "Krasenkow, Michal"]
[Black "Sznapik, Aleksander"]
[Result "1/2-1/2"]
[WhiteElo "2595"]
[BlackElo "2420"]

1.e4 g6 2.d4 Bg7 3.Nc3 d6 4.f4 e6 5.Nf3 Ne7 6.Bd3 Nbc6 7.Be3 O-O 8.O-O e5
9.dxe5 dxe5 10.Nxe5 Nxe5 11.fxe5 Be6 12.Qe1 Bxe5 13.Rd1 c6 14.Qh4 Bd4 15.Bxd4 Qxd4+
16.Kh1 f6 17.Ne2 Qe5 18.Ng1 g5 19.Qh6 g4 20.Ne2 Ng6 21.Ng3 Qg5 22.Nf5 Qxh6
23.Nxh6+ Kg7 24.Nf5+ Bxf5 25.exf5 Ne5 26.Be2 Rad8 27.h3 g3 28.Kg1 Kh6 29.h4 Rfe8
30.Rfe1 Nf7 31.Rxd8 Nxd8 32.Kf1 Nf7 33.Rd1 Ne5 34.Rd6  1/2-1/2

[Event "Lyon op"]
[Site "Lyon"]
[Date "1993.??.??"]
[Round "1"]
[White "Hamdouchi, Hichem"]
[Black "Weill, Roland"]
[Result "1-0"]
[WhiteElo "2460"]
[BlackElo "2250"]

1.e4 g6 2.d4 Bg7 3.Nc3 d6 4.Be2 c6 5.Be3 b5 6.a3 a6 7.Qd2 Nd7 8.h4 h5 9.Nh3 Bb7
10.Ng5 Nh6 11.f4 e6 12.O-O-O Qe7 13.Rhe1 d5 14.f5 gxf5 15.exd5 cxd5 16.Bxh5 O-O-O
17.Bf4 Nf6 18.Bxf7 Nxf7 19.Rxe6 Qd7 20.Na4 Qxe6 21.Qc3+  1-0

[Event "Martinez Valle op2"]
[Site "Martinez Valle"]
[Date "1993.??.??"]
[Round "4"]
[White "Giardelli, Sergio C"]
[Black "Quinteros, Miguel A"]
[Result "1-0"]
[WhiteElo "2425"]
[BlackElo "2505"]

1.d4 g6 2.e4 Bg7 3.Nc3 d6 4.g3 Nc6 5.d5 Ne5 6.Bg2 c6 7.h3 e6 8.dxe6 Bxe6
9.Nge2 Nf6 10.O-O O-O 11.b3 c5 12.Bb2 Qb6 13.Rb1 Rad8 14.Kh1 Nc6 15.f4 Ne7
16.Qc1 d5 17.e5 Ne8 18.g4 f5 19.exf6 Nxf6 20.Na4 Qc6 21.c4 b6 22.Nac3 Qc8
23.f5 gxf5 24.g5 Ne4 25.cxd5 Nxd5 26.Nxe4 fxe4 27.Bxg7 Rxf1+ 28.Qxf1 Kxg7
29.Ng3 Rf8 30.Qe1 Bxh3 31.Bxe4 Re8 32.Rd1 Be6 33.Nh5+ Kh8 34.Rxd5  1-0

[Event "Martinez Valle op2"]
[Site "Martinez Valle"]
[Date "1993.??.??"]
[Round "6"]
[White "Perez Pietronave, Carlos"]
[Black "Rios, A."]
[Result "1/2-1/2"]
[WhiteElo "2265"]
[BlackElo "2335"]

1.e4 g6 2.d4 Bg7 3.Nc3 d6 4.Nf3 Nf6 5.Be2 O-O 6.h3 c6 7.O-O Qc7 8.Bf4 Nbd7
9.Qd2 e5 10.Bh6 Re8 11.Bxg7 Kxg7 12.Rad1 Qb6 13.Na4 Qc7 14.Nc3 Qb6 15.dxe5 dxe5
16.b3 Nc5 17.Bd3 Bd7 18.Rfe1 Rad8 19.Qe3 Bc8 20.Bc4 Rxd1 21.Nxd1 Ncxe4 22.Qxb6 axb6
23.Bd3 Nc5 24.Rxe5 Rxe5 25.Nxe5 Be6 26.Nc3 Nd5 27.Nxd5 Bxd5 28.Bc4 Bxc4 29.Nxc4 b5
30.Nd2 Kf6 31.Kf1 Ke5 32.Nf3+ Kf4 33.Ke2 f6 34.g3+ Ke4 35.c3 Kd5 36.Ke3 Ne6
37.Nd4 Nxd4 38.cxd4 b6 39.f3 Kd6  1/2-1/2

[Event "Matra op"]
[Site "Matra"]
[Date "1993.??.??"]
[Round "?"]
[White "Lenart, Endre"]
[Black "Kincs, Imre"]
[Result "1/2-1/2"]
[WhiteElo "2305"]
[BlackElo "2215"]

1.e4 g6 2.d4 Bg7 3.Nc3 d6 4.Nf3 Nf6 5.Be2 O-O 6.Bg5 h6 7.Bf4 Nbd7 8.Qd2 g5
9.Be3 Ng4 10.h4 Nxe3 11.Qxe3 g4 12.Nd2 c5 13.Nb3 cxd4 14.Nxd4 Qb6 15.O-O-O Nf6
16.h5 Bd7 17.Rd3 Rfc8 18.f4 Qa5 19.Nb3 Qc7 20.Rd2 Be6 21.Nd4 Bc4 22.Nf5 Bf8
23.Bxg4 e6 24.Nd4 d5 25.e5 Nxg4 26.Qg3 Kh8 27.Qxg4 Bb4 28.Rh3 Bxa2 29.Ndb5 Qd7
30.f5 Rc4 31.Rd4 Rg8 32.Qf4 Rxg2 33.Qxh6+ Kg8 34.Qe3 a6 35.Rg3+ Rxg3 36.Qxg3+ Kh8
37.Nxa2 Qxb5 38.Rxc4 Qxc4 39.Nxb4 Qxb4 40.f6 Qf8 41.Kb1 Kh7 42.Qe3 Qh6 43.Qd3+ Kg8
44.Qg3+ Kh7 45.Ka2 Qf8  1/2-1/2

[Event "Miraflores"]
[Site "Miraflores"]
[Date "1993.??.??"]
[Round "7"]
[White "Aguilar, Juan"]
[Black "Celis Sanchez, Carlos"]
[Result "1/2-1/2"]
[WhiteElo "2315"]
[BlackElo "2395"]

1.e4 d6 2.d4 g6 3.Nc3 Bg7 4.f4 c6 5.Be3 Nf6 6.Nf3 b5 7.a3 O-O 8.Bd3 Ng4 9.Bg1 Bb7
10.Qd2 Nd7 11.h3 Ngf6 12.e5 Ne8 13.Nd1 Nc7 14.Ne3 c5 15.c3 Bxf3 16.gxf3 dxe5
17.fxe5 cxd4 18.cxd4 Nb6 19.Be4 Nbd5 20.Nxd5 Nxd5 21.Bf2 e6 22.O-O f5 23.exf6 Qxf6
24.Kh2 Rad8 25.Rac1 Nf4 26.Rg1 g5 27.Rc5 Qh6 28.Rg3 e5 29.Qb4 g4 30.Qd2 exd4
31.Rxg4 Qxh3+ 32.Kg1 Qxg4+ 33.fxg4 Nh3+ 34.Kg2 Rxf2+ 35.Qxf2 Nxf2 36.Kxf2 d3
37.Rd5 Rxd5 38.Bxd5+ Kf8 39.b3 Bb2 40.Be4 d2 41.Ke2 Bxa3 42.Kxd2 h6 43.Bc6 b4  1/2-1/2

[Event "Mlada Boleslav op"]
[Site "Mlada Boleslav"]
[Date "1993.??.??"]
[Round "?"]
[White "Movsesian, Sergei"]
[Black "Lanchava, Tea"]
[Result "1-0"]
[WhiteElo "2380"]
[BlackElo "2165"]

1.e4 g6 2.Nc3 Bg7 3.d4 d6 4.Be3 a6 5.Qd2 Nd7 6.O-O-O e6 7.f3 b5 8.Kb1 Bb7
9.g4 Nb6 10.Qf2 Qe7 11.h4 h6 12.Nh3 b4 13.Ne2 Nc4 14.Bc1 Nf6 15.Ng3 Nb6 16.Bg2 Nfd7
17.h5 O-O-O 18.g5 hxg5 19.Bxg5 Bf6 20.Bxf6 Qxf6 21.hxg6 Qxg6 22.Nf4 Qg5 23.Nfh5 Nc4
24.d5 exd5 25.f4 Qe7 26.Rhe1 Qh4 27.Rh1 Qe7 28.Qd4 Ndb6 29.Nf5 Qe6 30.Nhg7 Qd7
31.exd5 Kb8 32.Nh6 Rdf8 33.Ngf5 Re8 34.Rde1 Qb5 35.Nxf7 Rxh1 36.Rxh1 Re2
37.Qh8+ Ka7 38.Nd4 Nd2+ 39.Kc1 Qc4 40.b3 Qc3 41.Nxe2 Qe3 42.Kd1 Nb1 43.Ke1 Nc3
44.Qh5 Nbxd5 45.Bxd5 Bxd5 46.Rh3 Qe4 47.Nxd6 cxd6 48.Qh7+  1-0

[Event "Montpellier"]
[Site "Montpellier"]
[Date "1993.??.??"]
[Round "?"]
[White "Slobodjan, Roman"]
[Black "Hickl, Joerg"]
[Result "1-0"]
[WhiteElo "2435"]
[BlackElo "2570"]

1.e4 g6 2.d4 d6 3.Nc3 Bg7 4.Be3 a6 5.a4 Nf6 6.f3 O-O 7.g4 Nc6 8.h4 e5 9.d5 Nd4
10.Bc4 Bd7 11.a5 h5 12.g5 Nh7 13.Na2 c5 14.dxc6 bxc6 15.c3 Be6 16.Bxe6 Nxe6
17.Nb4 c5 18.Nd5 f6 19.Nb6 Ra7 20.Qd5 Qe7 21.Rd1 fxg5 22.hxg5 Qf7 23.Nh3 Rd8
24.Rf1 Bf8 25.f4 exf4 26.Bxf4 Qe8 27.Nc4 Rf7 28.Bxd6 Nexg5 29.Nxg5 Nxg5 30.e5 Kh7
31.Kd2 Bh6 32.Kc2 Qa4+ 33.b3 Qa2+ 34.Nb2 Rxf1 35.Rxf1 Qxa5 36.Qb7+ Bg7 37.Be7 Ne6
38.Bxd8 Qxd8 39.Nc4 Qh4 40.Qd5 Qg4 41.Nd2 Kh6 42.Rf2 h4 43.Nf1 Ng5 44.Nh2 Qg3
45.Rg2 Qh3 46.Ng4+ Kh5 47.Nf6+ Kh6 48.Ng8+ Kh5 49.Qd1+ Nf3 50.Rf2 Qf5+ 51.Kb2 Qg4
52.e6  1-0

[Event "Munich op9293"]
[Site "Munich"]
[Date "1993.??.??"]
[Round "3"]
[White "Freckmann, Mark"]
[Black "Tauber, Manfred"]
[Result "1/2-1/2"]
[WhiteElo "2300"]
[BlackElo "2220"]

1.e4 d6 2.d4 g6 3.Nc3 Bg7 4.h4 Nf6 5.Be2 Nc6 6.Nf3 Bg4 7.d5 Nb4 8.Be3 O-O
9.a3 Na6 10.Nd4 Bxe2 11.Qxe2 Nc5 12.O-O-O h5 13.f3 Qd7 14.g4 hxg4 15.Rdg1 e5
16.dxe6 Nxe6 17.fxg4 Nxe4 18.Nxe4 Nxd4 19.Qf2 Qc6 20.Bxd4 Qxe4 21.Bxg7 Kxg7
22.g5 Qf5 23.Qd2 Rae8 24.Kb1 Re5 25.Rf1 Qe6 26.h5 Qc4 27.hxg6 Re2 28.Qd1 fxg6
29.b3 Rxf1 30.Rxf1 Qe4 31.Qc1 Qe5 32.a4 c5 33.Rd1 b6 34.a5 d5 35.axb6 axb6
36.Qa3 Re1 37.Qa7+ Kg8 38.Qa8+ Kg7 39.Qb7+ Kg8 40.Qc8+ Kg7 41.Qd7+ Kg8 42.Rxe1 Qxe1+
43.Ka2 Qe5 44.Qd8+ Kf7 45.Qxb6 Qc3 46.Qc7+ Kf8 47.Qd8+ Kg7 48.Qe7+ Kg8 49.Qd8+ Kg7
50.Qe7+ Kg8 51.Kb1 Qd4 52.Qd8+ Kf7 53.Qc7+ Ke6 54.Qc8+ Kf7 55.Qc7+ Ke6 56.Qc8+  1/2-1/2

[Event "FRA-ch"]
[Site "Nantes"]
[Date "1993.??.??"]
[Round "13"]
[White "Relange, Eloi"]
[Black "Bricard, Emmanuel"]
[Result "0-1"]
[WhiteElo "2365"]
[BlackElo "2440"]

1.e4 g6 2.d4 Bg7 3.Nc3 d6 4.f4 Nc6 5.Be3 Nf6 6.Nf3 O-O 7.d5 Nb8 8.Bd3 c6
9.h3 cxd5 10.exd5 Qa5 11.Bc4 b5 12.Bxb5 Ne4 13.Bd3 Nxc3 14.bxc3 Qxc3+ 15.Kf2 Qxa1
16.Qxa1 Bxa1 17.Rxa1 Ba6 18.Rb1 Bxd3 19.cxd3 Nd7 20.Rb7 Nf6 21.Bxa7 Nxd5
22.Nd4 Rfc8 23.Kf3 Rc7 24.Rxc7 Nxc7 25.Nc6 Nb5 26.Bb6 Kf8 27.Ba5 Nd4+  0-1

[Event "USA-chJ New York"]
[Site "New York"]
[Date "1993.??.??"]
[Round "?"]
[White "Garber, Stanislav"]
[Black "Manion, Josh"]
[Result "0-1"]
[WhiteElo "2375"]
[BlackElo "2310"]

1.e4 g6 2.d4 Bg7 3.Nc3 d6 4.Nf3 a6 5.a4 Bg4 6.Be2 Nc6 7.Be3 e5 8.d5 Nce7
9.O-O Nf6 10.Nd2 Bd7 11.b4 O-O 12.a5 Ne8 13.Na4 f5 14.f3 f4 15.Bf2 g5 16.c4 Ng6
17.c5 Rf7 18.cxd6 Nxd6 19.Nc5 Bc8 20.Nc4 Bf8 21.Nxd6 Bxd6 22.Rb1 Qe7 23.Ne6 Bxe6
24.dxe6 Rf6 25.Qd2 Nf8 26.Rfd1 Rd8 27.b5 Nxe6 28.bxa6 bxa6 29.Bxa6 Bc5 30.Qc3 Bxf2+
31.Kxf2 Nd4 32.Bb7 g4 33.fxg4 Rh6 34.Qc4+ Kh8 35.Kg1 Qh4 36.h3 Qg3 37.Rxd4 Rxd4
38.Qf7 Rd8 39.Qe7 Qe3+ 40.Kh1 Rxh3+ 41.gxh3 Qxh3+ 42.Kg1 Qg3+ 43.Kf1 Qf3+
44.Ke1 Qh1+ 45.Ke2 Qg2+ 46.Ke1 Qg1+ 47.Ke2 Qxg4+ 48.Kf1 Qh3+ 49.Ke1 Qh1+
50.Ke2 Qg2+ 51.Ke1 Qg1+ 52.Ke2 f3+ 53.Kxf3 Rd3+ 54.Ke2 Re3+  0-1

[Event "New York Marshall"]
[Site "New York"]
[Date "1993.??.??"]
[Round "?"]
[White "Young, Ronald"]
[Black "Ginsburg, Mark"]
[Result "1/2-1/2"]
[WhiteElo "2300"]
[BlackElo "2405"]

1.e4 g6 2.d4 Bg7 3.Nc3 d6 4.Bc4 Nc6 5.Nf3 Nf6 6.h3 O-O 7.O-O Nxe4 8.Bxf7+ Rxf7
9.Nxe4 h6 10.d5 Nb4 11.c3 Na6 12.Nd4 c6 13.dxc6 bxc6 14.Nxc6 Qc7 15.Nd4 d5
16.Ng3 e5 17.Nde2 Bb7 18.Be3 Nc5 19.f4 d4 20.cxd4 exd4 21.Nxd4 Rd8 22.Rc1 Qb6
23.Qc2 Rxd4 24.Qxc5 Qxc5 25.Rxc5 Rd3 26.Bf2 Rd2 27.f5 Rxb2 28.Rfc1 Rxa2 29.Rc7 Be5
30.Rxf7 Kxf7 31.fxg6+ Kxg6 32.Nf1 Bd4 33.Ne3 h5 34.Nd1 Bxf2+ 35.Nxf2 a5 36.h4 a4  1/2-1/2

[Event "USA-chJ New York"]
[Site "New York"]
[Date "1993.??.??"]
[Round "?"]
[White "Zamora, Jorge"]
[Black "Manion, Josh"]
[Result "1-0"]
[WhiteElo "2270"]
[BlackElo "2310"]

1.e4 g6 2.d4 Bg7 3.Nc3 d6 4.f4 Nf6 5.Nf3 c5 6.Bb5+ Bd7 7.e5 Ng4 8.e6 Bxb5
9.exf7+ Kd7 10.Nxb5 Qa5+ 11.Nc3 cxd4 12.Nxd4 h5 13.h3 Nc6 14.Ne2 Nh6 15.Be3 Raf8
16.O-O Nf5 17.Bf2 Rxf7 18.Qd3 Rc8 19.Ne4 b6 20.Ng5 Rff8 21.c3 Bf6 22.Ne4 Nb8
23.g4 hxg4 24.hxg4 Nh6 25.g5 Ng4 26.gxf6 Qh5 27.Bg3 Nxf6 28.Rad1 Nc6 29.Nxf6+ Rxf6
30.Nd4 Nxd4 31.Qxd4 Qg4 32.Qe3 Rcf8 33.Qf3 Qh3 34.Rfe1 Ke8 35.Qg2 Qg4 36.Rd3 g5
37.Rde3  1-0

[Event "New York Enhance"]
[Site "New York"]
[Date "1993.??.??"]
[Round "1"]
[White "Kreiman, Boris"]
[Black "Frias, Victor J"]
[Result "1-0"]
[WhiteElo "2400"]
[BlackElo "2455"]

1.e4 g6 2.d4 Bg7 3.Nc3 d6 4.Be3 Nf6 5.f3 c6 6.Qd2 Qa5 7.g4 h5 8.g5 Nfd7 9.f4 d5
10.f5 gxf5 11.exf5 Nb6 12.g6 fxg6 13.fxg6 Bf5 14.Nf3 N8d7 15.Nh4 Be6 16.Ne4 Qxd2+
17.Nxd2 O-O-O 18.Rg1 Rdf8 19.c3 Rhg8 20.O-O-O Bg4 21.Re1 e5 22.dxe5 Nxe5
23.h3 Rxf1 24.Rexf1 Bxh3 25.Rf7 Bg4 26.Bd4 Nxg6 27.Nxg6 Bxd4 28.Ne7+ Kb8
29.cxd4  1-0

[Event "New York Enhance"]
[Site "New York"]
[Date "1993.??.??"]
[Round "5"]
[White "Sokolin, Leonid M"]
[Black "Dzindzichashvili, Roman"]
[Result "1/2-1/2"]
[WhiteElo "2430"]
[BlackElo "2535"]

1.d4 g6 2.Nc3 Bg7 3.e4 d6 4.Be3 c6 5.Qd2 Nd7 6.h4 Ngf6 7.f3 h5 8.Nh3 b5 9.Ng5 Qc7
10.O-O-O Nb6 11.e5 b4 12.Nb5 cxb5 13.exf6 exf6 14.Bxb5+ Bd7 15.Bxd7+ Qxd7
16.Nh3 Qa4 17.Kb1 O-O 18.g4 Rac8 19.Qd3 Nd5 20.Bd2 Rc6 21.Nf4 Nc3+ 22.Bxc3 bxc3
23.Nd5 Rb8 24.b3 Kh7 25.Nxc3 Qa5 26.Ne2 Ra6 27.Nc3 Rc6 28.Ne2 Ra6 29.Nc3 Rc6  1/2-1/2

[Event "New York op"]
[Site "New York"]
[Date "1993.??.??"]
[Round "5"]
[White "Gurevich, Ilya"]
[Black "Zlotnikov, Mikhail"]
[Result "1/2-1/2"]
[WhiteElo "2515"]
[BlackElo "2385"]

1.e4 g6 2.d4 Bg7 3.Nc3 d6 4.Be2 c6 5.Nf3 Nf6 6.O-O O-O 7.h3 Nbd7 8.Bg5 Qc7
9.Qd2 e5 10.Rad1 b5 11.a3 a5 12.dxe5 dxe5 13.Qe3 Re8 14.Nd2 Nf8 15.a4 b4
16.Ncb1 Ne6 17.Bh6 Bxh6 18.Qxh6 Nd4 19.Bd3 Nh5 20.c3 Nf4 21.Bc4 bxc3 22.bxc3 Nde6
23.g3 Nh5 24.Nf3 Qe7 25.Nbd2 f6 26.Nb3 Ba6 27.Bxa6 Rxa6 28.Qe3 Qa3 29.Qd3 Rb6
30.Nxa5 Qxa4 31.Nc4 Rbb8 32.Ra1 Qb5 33.Ra5 Rbd8 34.Qe2 Qb3 35.Ra3 Qb5 36.Qa2 Qc5
37.Ra5 Qe7 38.Ne3 Kh8 39.Qc4 Rc8 40.Rfa1 Rc7 41.R1a2 Nhg7 42.h4 Rd8 43.Ra8 h5
44.Ne1 Rd7 45.Rxd8+ Nxd8 46.Nd3 Ra7 47.Rxa7 Qxa7  1/2-1/2

[Event "New York op"]
[Site "New York"]
[Date "1993.??.??"]
[Round "6"]
[White "Kelleher, William"]
[Black "Marquez, Raul"]
[Result "1/2-1/2"]
[WhiteElo "2360"]
[BlackElo "2265"]

1.e4 g6 2.d4 Bg7 3.Nc3 d6 4.f4 Nc6 5.Be3 Nf6 6.h3 O-O 7.e5 dxe5 8.dxe5 Nd7
9.Bc4 Nb6 10.Bb3 Na5 11.Qe2 Nxb3 12.axb3 f6 13.Nf3 c6 14.O-O Qc7 15.Bc5 Nd5
16.Nxd5 cxd5 17.Bd4 Bf5 18.c3 a6 19.Rae1 a5 20.exf6 exf6 21.g4 Be4 22.Nd2 f5
23.Bxg7 Kxg7 24.Nxe4 dxe4 25.gxf5 gxf5  1/2-1/2

[Event "New York Enhance"]
[Site "New York"]
[Date "1993.??.??"]
[Round "7"]
[White "Leveille, Francois"]
[Black "Dzindzichashvili, Roman"]
[Result "1/2-1/2"]
[WhiteElo "2345"]
[BlackElo "2535"]

1.d4 g6 2.e4 Bg7 3.Nc3 d6 4.f4 Nf6 5.Nf3 O-O 6.Bd3 Na6 7.O-O c5 8.d5 Rb8
9.Qe1 Nb4 10.a3 Nxd3 11.cxd3 b6 12.Qh4 Ba6 13.Rd1 e6 14.f5 exf5 15.Bg5 Re8
16.exf5 gxf5 17.a4 h6 18.Bxh6 Bxh6 19.Qxh6 Ng4 20.Qf4 Qf6 21.Rd2 Re7 22.h3 Qh6
23.Qg3 Qe3+ 24.Kh1 Qh6 25.Kg1 Qe3+  1/2-1/2

[Event "Odense"]
[Site "Odense"]
[Date "1993.??.??"]
[Round "3"]
[White "Christensen, Tobias"]
[Black "Sogaard, Soren"]
[Result "1/2-1/2"]
[WhiteElo "2375"]
[BlackElo "2280"]

1.e4 g6 2.d4 Bg7 3.Nc3 d6 4.f4 Nf6 5.Nf3 c5 6.Bb5+ Bd7 7.e5 Ng4 8.e6 fxe6
9.Ng5 Bxb5 10.Nxb5 Qa5+ 11.c3 Qxb5 12.Qxg4 cxd4 13.Nxe6 Qc4 14.Nxg7+ Kf7
15.f5 Kxg7 16.Be3 Nc6 17.O-O-O b5 18.Bxd4+ Nxd4 19.Rxd4 Qxa2 20.Re1 Qa1+
21.Kd2 Qxb2+ 22.Kd1 Qb1+ 23.Kd2 Qb2+ 24.Kd1 Qb3+ 25.Kd2 Rae8 26.Qg5 Qb2+
27.Kd1 Qb1+ 28.Kd2 Qxf5 29.Rxe7+ Rxe7 30.Qxe7+ Qf7 31.Qxf7+ Kxf7 32.Rxd6 Ke7
33.Ra6 Rd8+ 34.Ke2 Rd7 35.Ra5 Rb7 36.Kd3 Ke6 37.Ke4 b4 38.Ra6+ Kf7 39.cxb4 Rxb4+
40.Ke5 Rb7 41.h4 Re7+ 42.Kf4 Ke8 43.Kg5 Kd8 44.Kh6 Kc8 45.Ra2 Kb7 46.Rb2+ Kc6
47.Ra2 Kb5 48.Rb2+ Ka4 49.Rb1 a5 50.g4 Ka3  1/2-1/2

[Event "Odense"]
[Site "Odense"]
[Date "1993.??.??"]
[Round "5"]
[White "Plachetka, Jan"]
[Black "Sogaard, Soren"]
[Result "1-0"]
[WhiteElo "2450"]
[BlackElo "2280"]

1.d4 g6 2.e4 Bg7 3.Nc3 d6 4.Be3 a6 5.a4 Nc6 6.f4 Nf6 7.Nf3 O-O 8.h3 e5 9.dxe5 dxe5
10.Qxd8 Rxd8 11.fxe5 Nd7 12.Bg5 Rf8 13.Nd5 Ndxe5 14.O-O-O f5 15.Nxc7 Rb8
16.Nxe5 Bxe5 17.Bc4+ Kh8 18.Bh6 Bg7 19.Bxg7+ Kxg7 20.exf5 Bxf5 21.Ne6+ Bxe6
22.Bxe6 Kf6 23.Bd5 Kg5 24.Bf3 Ne5 25.Rd5 Rfe8 26.Re1 Kf6 27.Rf1 Kg7 28.Be2 Re7
29.Kd2 Rc8 30.b3 h5 31.Rf4 Rce8 32.Bf1 Re6 33.b4 R8e7 34.c4 Nc6 35.b5 Nb4
36.Rd8 a5 37.Rfd4 Rf6 38.R4d7 Rf2+ 39.Kc3 Na2+ 40.Kd4 Kf7 41.Bd3 Rxg2 42.Kc5 Nc3
43.Kd6 Rxd7+ 44.Rxd7+ Kf6 45.Kc7 Nxa4 46.Rd6+ Ke7 47.Rxg6 Rxg6 48.Bxg6 h4
49.Kxb7 Nc3 50.b6 a4 51.Kc6  1-0

[Event "Odorheiu Secuiesc op"]
[Site "Odorheiu Secuiesc"]
[Date "1993.??.??"]
[Round "1"]
[White "Nisipeanu, Liviu Dieter"]
[Black "Fugulyan, Gergely"]
[Result "1-0"]
[WhiteElo "2395"]
[BlackElo "2250"]

1.e4 d6 2.d4 g6 3.Nc3 Bg7 4.f4 Nf6 5.Nf3 c5 6.e5 Nfd7 7.e6 fxe6 8.Ng5 Nf6
9.dxc5 h6 10.Nf3 Qa5 11.cxd6 Ne4 12.Qd3 Nd7 13.Qxe4 Bxc3+ 14.bxc3 Qxc3+ 15.Kd1 Qxa1
16.Qxg6+ Kf8 17.dxe7+ Kxe7 18.Ne5 Rd8 19.Qg7+  1-0

[Event "Odorheiu Secuiesc op"]
[Site "Odorheiu Secuiesc"]
[Date "1993.??.??"]
[Round "4"]
[White "Bartha, Andrei"]
[Black "Ciobanu, Aurelian"]
[Result "0-1"]
[WhiteElo "2205"]
[BlackElo "2265"]

1.e4 g6 2.d4 Bg7 3.Nc3 d6 4.Be3 c6 5.Nf3 b5 6.a3 a6 7.Be2 Nd7 8.O-O Bb7 9.Qd2 Qc7
10.Rfe1 e6 11.h3 h6 12.Bf4 g5 13.Bg3 Ne7 14.Bd3 e5 15.dxe5 dxe5 16.Nh2 Nc5
17.Rad1 Ne6 18.Bf1 h5 19.f3 Rd8 20.Qe3 Rxd1 21.Rxd1 Ng6 22.b4 Bc8 23.Nb1 Bh6
24.Qe1 Bf8 25.Bf2 Be7 26.c4 O-O 27.c5 Nd4 28.g4 hxg4 29.hxg4 Bf6 30.Bd3 Kg7
31.Bg3 Rh8 32.Nd2 Nf4 33.Ndf1 Be6 34.Qe3 a5 35.Kf2 Ra8 36.Qc1 axb4 37.axb4 Ra2+
38.Kg1 Nde2+  0-1

[Event "Odorheiu Secuiesc op"]
[Site "Odorheiu Secuiesc"]
[Date "1993.??.??"]
[Round "7"]
[White "Vajda, Szidonia"]
[Black "Bartha, Andrei"]
[Result "1/2-1/2"]
[WhiteElo "2140"]
[BlackElo "2205"]

1.e4 g6 2.d4 Bg7 3.Nc3 d6 4.g3 Nc6 5.Be3 e5 6.dxe5 Nxe5 7.h3 Ne7 8.f4 N5c6
9.Bg2 O-O 10.Nge2 f5 11.exf5 Nxf5 12.Bf2 Re8 13.O-O Ne3 14.Bxe3 Rxe3 15.Kh2 Re8
16.Qd2 Be6 17.Rae1 Qd7 18.Nd5 Kh8 19.Nec3 Nd4 20.g4 c6 21.Nb4 a5 22.Nd3 a4
23.a3 b5 24.Ne4 Bc4 25.Rf2 Re7 26.Ng3 Rae8 27.Rxe7 Qxe7 28.c3 Nb3 29.Qd1 Bxd3
30.Qxd3 d5 31.Re2 Qf7 32.Rxe8+ Qxe8 33.f5 Be5 34.Kg1 Bf4 35.Nf1 Kg7 36.fxg6 hxg6
37.Qf3 Qe5 38.h4 Na5 39.Qf2 Nc4 40.Qa7+ Qc7 41.Qd4+ Be5 42.Qf2 Qf7 43.Qc5 Qe6
44.g5 Bc7 45.Qd4+ Kg8 46.Qd1 Nxb2 47.Qf3 Nc4 48.h5 gxh5 49.Qxh5 Kg7 50.Qh4 Nxa3
51.Bh3 Qg6 52.Qd4+ Kg8 53.Qg4 Bd8 54.Ng3 Bxg5 55.Qc8+ Kf7 56.Bg4 Be3+ 57.Kg2 Qc2+
58.Kh3 Qh7+ 59.Kg2 Qh6 60.Qd7+ Kf8 61.Qd8+ Kf7 62.Qd7+ Kf8 63.Qd8+ Kf7 64.Qd7+  1/2-1/2

[Event "Odorheiu Secuiesc-B"]
[Site "Odorheiu Secuiesc"]
[Date "1993.??.??"]
[Round "8"]
[White "Ardeleanu, Alin"]
[Black "Itkis, Boris"]
[Result "1-0"]
[WhiteElo "2385"]
[BlackElo "2430"]

1.e4 g6 2.d4 Bg7 3.Nc3 d6 4.Be3 c6 5.h3 Nf6 6.Nf3 O-O 7.Be2 b5 8.e5 dxe5
9.dxe5 Nd5 10.Nxd5 cxd5 11.Qd2 Nc6 12.Bh6 Rb8 13.Rd1 Be6 14.h4 Qa5 15.c3 f6
16.h5 g5 17.Bxg7 Kxg7 18.h6+ Kh8 19.exf6 exf6 20.a3 Qb6 21.O-O Rbd8 22.Nd4 Nxd4
23.Qxd4 Rd6 24.f4 gxf4 25.Qxb6 Rxb6 26.Rxf4 f5 27.Bf3 Rd8 28.Rfd4 Rbd6 29.Re1 Bg8
30.Re5 f4 31.Rxf4 Rxh6 32.Re7 a6 33.Rg4 Re6 34.Rxg8+  1-0